Quick Pick: 'E' Beverages Quiz Stats

 Plays Quiz Updated Jun 8, 2018

Challenge
Share
Tweet
Embed
Score 0/12 Timer 01:00
7 Plays Today
% Correct
Espresso
97.3%
Earl Grey
97.1%
Eggnog
97%
East India Pale Ale
94%
Eskimo Punch
90%
Electric Iced Tea
89.6%
Egg Cream
76.9%
Eau de Vie
71.9%
El Diablo
55.7%
Eager Beaver
53.4%
Eden Mill
48.1%
El Dorado
39.4%

Today's Daily Dose

Missing Word
Hayao Miyazaki

Word Ladder
Florida

On This Day
December 13th II

You're not logged in!

Compare scores with friends on all Sporcle quizzes.
OR
Log In

You Might Also Like...

Show Comments

Extras

Top Quizzes Today


Score Distribution

Your Account Isn't Verified!

In order to create a playlist on Sporcle, you need to verify the email address you used during registration. Go to your Sporcle Settings to finish the process.

Report this User

Report this user for behavior that violates our Community Guidelines.

Details: